Bangladesh export statistics 2002-2003.

Bibliographic Details
Format: Book
Published: Bangladesh: Export Promotion Bureau, 2003.
Subjects:
LEADER 00454cam a2200145 7i4500
001 0000015656
005 20050615090000.0
090 0 0 |a BANG 310.9   |b BAN 
245 0 0 |a Bangladesh export statistics 2002-2003. 
260 0 0 |a Bangladesh:   |b Export Promotion Bureau,   |c 2003. 
300 # # |a 260 p. 
650 0 0 |a Export --   |x Statistics --   |z Bangladesh  
650 0 0 |a Statistics --   |z Bangladesh  
651 0 0 |a Bangladesh  
999 |a 0000017037  |b Book  |c Countries  |e Business Information Centre